| 000 | 00537cam a2200205 4500 | ||
|---|---|---|---|
| 001 | BFIL004586 | ||
| 008 | 1982 fre | ||
| 035 | _a BFIL004586 | ||
| 050 | 4 |
_aGN289 _bR84 1982 |
|
| 100 | 1 | _aRuffie, Jacques | |
| 245 | 0 |
_aTraité du vivant / _cJacques Ruffie. |
|
| 260 |
_aFrance : _bFlammarion, _c1982 |
||
| 300 |
_aV. ; _c18 cm. |
||
| 440 | 0 | _aChamps ; 169 | |
| 500 | _a1 ejem. | ||
| 505 | _aBFILLa biblioteca tiene solamente el V.2. | ||
| 650 | 4 | _aPoblacion | |
| 650 | 4 | _aEvolucion | |
| 942 |
_2lcc _cLIB |
||
| 999 |
_c96088 _d96088 |
||